<?xml version="1.0" encoding="UTF-8"?>
<record
    xmlns:xsi="http://www.w3.org/2001/XMLSchema-instance"
    xsi:schemaLocation="http://www.loc.gov/MARC21/slim http://www.loc.gov/standards/marcxml/schema/MARC21slim.xsd"
    xmlns="http://www.loc.gov/MARC21/slim">

  <leader>02063cam a2200505   4500</leader>
  <controlfield tag="001">14001</controlfield>
  <controlfield tag="003">http://catalogue.bnf.fr/ark:/12148/cb475002883</controlfield>
  <controlfield tag="005">20260113164444.0</controlfield>
  <datafield tag="010" ind1=" " ind2=" ">
    <subfield code="a">9782958676452</subfield>
    <subfield code="d">6 EUR</subfield>
  </datafield>
  <datafield tag="020" ind1=" " ind2=" ">
    <subfield code="a">FR</subfield>
    <subfield code="b">02437062</subfield>
  </datafield>
  <datafield tag="073" ind1=" " ind2="0">
    <subfield code="a">9782958676452</subfield>
  </datafield>
  <datafield tag="090" ind1=" " ind2=" ">
    <subfield code="a">14001</subfield>
  </datafield>
  <datafield tag="099" ind1=" " ind2=" ">
    <subfield code="o">0</subfield>
  </datafield>
  <datafield tag="100" ind1=" " ind2=" ">
    <subfield code="a">20240624d2024    a  y0frey50      ba</subfield>
  </datafield>
  <datafield tag="101" ind1="0" ind2=" ">
    <subfield code="a">fre</subfield>
  </datafield>
  <datafield tag="102" ind1=" " ind2=" ">
    <subfield code="a">FR</subfield>
  </datafield>
  <datafield tag="105" ind1=" " ind2=" ">
    <subfield code="a">||||z   00|a|</subfield>
  </datafield>
  <datafield tag="181" ind1=" " ind2="0">
    <subfield code="6">01</subfield>
    <subfield code="a">i </subfield>
    <subfield code="b">xxxe  </subfield>
  </datafield>
  <datafield tag="181" ind1=" " ind2=" ">
    <subfield code="6">02</subfield>
    <subfield code="c">txt</subfield>
    <subfield code="2">rdacontent</subfield>
  </datafield>
  <datafield tag="182" ind1=" " ind2="0">
    <subfield code="6">01</subfield>
    <subfield code="a">n</subfield>
  </datafield>
  <datafield tag="182" ind1=" " ind2=" ">
    <subfield code="6">02</subfield>
    <subfield code="c">n</subfield>
    <subfield code="2">rdamedia</subfield>
  </datafield>
  <datafield tag="200" ind1="1" ind2=" ">
    <subfield code="a">Le cavalier sans t&#xEA;te</subfield>
    <subfield code="b">LIVR</subfield>
  </datafield>
  <datafield tag="214" ind1=" " ind2="0">
    <subfield code="c">la Maison th&#xE9;&#xE2;tre</subfield>
    <subfield code="d">DL 2024</subfield>
  </datafield>
  <datafield tag="214" ind1=" " ind2="3">
    <subfield code="c">Ott impr.</subfield>
  </datafield>
  <datafield tag="214" ind1=" " ind2="0">
    <subfield code="a">Strasbourg</subfield>
  </datafield>
  <datafield tag="214" ind1=" " ind2="3">
    <subfield code="a">67-Wasselonne</subfield>
  </datafield>
  <datafield tag="215" ind1=" " ind2=" ">
    <subfield code="a">1 vol. (29 p.)</subfield>
  </datafield>
  <datafield tag="215" ind1=" " ind2=" ">
    <subfield code="d">21 cm</subfield>
  </datafield>
  <datafield tag="225" ind1=" " ind2=" ">
    <subfield code="a">Les cahiers th&#xE9;&#xE2;tre</subfield>
    <subfield code="v">n&#xB0; 14</subfield>
  </datafield>
  <datafield tag="225" ind1=" " ind2=" ">
    <subfield code="e">8-11 ans</subfield>
  </datafield>
  <datafield tag="300" ind1=" " ind2=" ">
    <subfield code="a">Commande de la Maison th&#xE9;&#xE2;tre dans le cadre du projet "Petite philo pour grands matins"</subfield>
  </datafield>
  <datafield tag="321" ind1=" " ind2=" ">
    <subfield code="a">La Revue des livres pour enfants</subfield>
    <subfield code="x">0398-8384</subfield>
    <subfield code="c">340</subfield>
  </datafield>
  <datafield tag="321" ind1=" " ind2=" ">
    <subfield code="a">La Revue des livres pour enfants. S&#xE9;lection annuelle</subfield>
    <subfield code="c">344</subfield>
  </datafield>
  <datafield tag="323" ind1=" " ind2=" ">
    <subfield code="a">12 personnages</subfield>
  </datafield>
  <datafield tag="330" ind1=" " ind2=" ">
    <subfield code="a">&#xAB; Est-ce que voler un m&#xE9;dicament &#xE0; la pharmacie pour gu&#xE9;rir son p&#xE8;re, c'est mal ? &#xBB; Apr&#xE8;s cette question pos&#xE9;e &#xE0; sa ma&#xEE;tresse, Siam se cache dans la pharmacie de son quartier. D&#xE9;but d'une aventure rocambolesque avec des cam&#xE9;ras de surveillance invit&#xE9;es &#xE0; aller filmer la mer et un &#xE9;trange cavalier vengeur. Samuel Gallet a &#xE9;crit pour les enfants une pi&#xE8;ce sensible et fantastique pour philosopher en pratiquant le th&#xE9;&#xE2;tre.</subfield>
  </datafield>
  <datafield tag="333" ind1=" " ind2=" ">
    <subfield code="a">&#xC0; partir de 9 ans</subfield>
  </datafield>
  <datafield tag="410" ind1=" " ind2="0">
    <subfield code="0">47252827</subfield>
  </datafield>
  <datafield tag="410" ind1=" " ind2="0">
    <subfield code="t">Les Cahiers th&#xE9;&#xE2;tre (Strasbourg)</subfield>
    <subfield code="x">3039-5577</subfield>
    <subfield code="v">14</subfield>
  </datafield>
  <datafield tag="608" ind1=" " ind2=" ">
    <subfield code="a">Th&#xE9;&#xE2;tre</subfield>
    <subfield code="2">CNLJ</subfield>
  </datafield>
  <datafield tag="610" ind1=" " ind2=" ">
    <subfield code="a">jeunesse</subfield>
    <subfield code="a">fantastique</subfield>
    <subfield code="a">action</subfield>
  </datafield>
  <datafield tag="686" ind1=" " ind2=" ">
    <subfield code="a">802</subfield>
    <subfield code="2">Cadre de classement de la Bibliographie nationale fran&#xE7;aise</subfield>
  </datafield>
  <datafield tag="700" ind1=" " ind2=" ">
    <subfield code="a">Gallet</subfield>
    <subfield code="b">Samuel</subfield>
    <subfield code="f">1981-....</subfield>
  </datafield>
  <datafield tag="700" ind1=" " ind2=" ">
    <subfield code="3">15863315</subfield>
    <subfield code="o">ISNI0000000363438942</subfield>
    <subfield code="4">070</subfield>
  </datafield>
  <datafield tag="801" ind1=" " ind2="0">
    <subfield code="a">FR</subfield>
    <subfield code="b">FR-751131015</subfield>
    <subfield code="c">20240624</subfield>
    <subfield code="g">AFNOR</subfield>
    <subfield code="h">FRBNF475002880000000</subfield>
  </datafield>
  <datafield tag="856" ind1=" " ind2="2">
    <subfield code="u">894161</subfield>
    <subfield code="b">Premi&#xE8;re de couverture</subfield>
  </datafield>
  <datafield tag="995" ind1=" " ind2=" ">
    <subfield code="2">0</subfield>
    <subfield code="5">2026-01-13</subfield>
    <subfield code="9">13894</subfield>
    <subfield code="c">JOL</subfield>
    <subfield code="f">JOL 007702</subfield>
    <subfield code="k">TH JP GAL 12</subfield>
    <subfield code="o">0</subfield>
    <subfield code="b">JOL</subfield>
    <subfield code="r">LIVR</subfield>
  </datafield>
</record>
